[Event "27th Open A"]
[Site "Bethune FRA"]
[Date "2006.12.26"]
[Round "2"]
[White "Simon,O"]
[Black "Shchekachev,A"]
[Result "1/2-1/2"]
[WhiteElo "2388"]
[BlackElo "2561"]

1.e4 c5 2.Nf3 e6 3.d4 cxd4 4.Nxd4 a6 5.Bd3 Nf6 6.O-O Qc7 7.Qe2 d6 8.c4 Be7
9.Nc3 O-O 10.Kh1 b6 11.f4 Nbd7 12.Bd2 Bb7 13.Rae1 Rfd8 14.g4 g6 15.g5 Nh5
16.f5 exf5 17.Nxf5 Bf8 18.Ne3 Re8 19.Ncd5 Qd8 20.Qg2 h6 21.gxh6 Bxh6 22.Nf5 Bxd2
23.Qxd2 Bxd5 24.exd5 Rxe1 25.Rxe1 Ne5 26.Nd4 Qh4 27.Bf1 Ng3+ 28.Kg2 Nxf1
29.Kxf1 Qh3+ 30.Kg1 Qg4+ 31.Kh1 Nxc4 32.Qc3 Ne5 33.Nc6 Nf3 34.Rf1 Ng5 35.Qe3 Qe4+
36.Qxe4 Nxe4 37.Kg2 Kg7 38.Rd1 Re8 39.Rd4 Nf6 40.Kf2 a5 41.Na7 Rh8 42.Kg3 Kh6
43.Nb5 Rd8 44.Nc3 Kg7 45.Rc4 b5 46.Nxb5 Nxd5 47.Ra4 Nb6 48.Rxa5 Nc4 49.Ra6 Nxb2
50.Nxd6 Nd3 51.Ne4 Rd4 52.Rd6 Rxe4 53.Rxd3 Ra4 54.a3 f5 55.h3 Kf6 56.Rb3 Kg5
57.Rf3 f4+ 58.Kg2 Kf5 59.Rb3 Ra5 60.Kf3 g5 61.Rd3 Ke5 62.Rb3 Kf5 63.Rd3  1/2-1/2

[Event "Masters"]
[Site "Singapore SIN"]
[Date "2006.12.26"]
[Round "1"]
[White "Wang Li"]
[Black "Eng,A"]
[Result "1-0"]
[WhiteElo "2226"]
[BlackElo "1976"]

1.e4 c5 2.Nf3 e6 3.d4 cxd4 4.Nxd4 a6 5.Bd3 Bc5 6.Nb3 Ba7 7.Qg4 Nf6 8.Qg3 d6
9.Nc3 Nc6 10.Bg5 Ne5 11.Be2 Ng6 12.h4 h6 13.Be3 Bxe3 14.Qxe3 h5 15.O-O-O b5
16.Qd4 Bb7 17.Qb4 Qc7 18.Bxb5+ Ke7 19.Bd3 a5 20.Qa3 Rhc8 21.f3 Nd7 22.Nb5 Qb6
23.Nxd6 Rc7 24.Nc8+  1-0

[Event "15th Donau Open"]
[Site "Aschach an der Donau AUT"]
[Date "2006.12.27"]
[Round "3"]
[White "Mazi,L"]
[Black "Nikolov,M"]
[Result "1/2-1/2"]
[WhiteElo "2354"]
[BlackElo "2446"]

1.e4 c5 2.Nf3 e6 3.d4 cxd4 4.Nxd4 a6 5.Bd3 Nf6 6.O-O Qc7 7.Qe2 d6 8.Kh1 Nc6
9.Be3 d5 10.exd5 Nxd5 11.Nxc6 Nxe3 12.Qxe3 bxc6 13.Nd2 Be7 14.Nc4 Rb8 15.Rae1 O-O
16.Qf3 Bf6 17.b3 c5 18.Re3 Rd8 19.Rfe1 Bb7 20.Be4 Bxe4 21.Rxe4 Rd5 22.Qf4 Qxf4
23.Rxf4 Bc3 24.Rf1 Rbd8 25.g3 g5 26.Re4 h5 27.Kg2 Bg7 28.Rfe1 Kh7 29.h3 Kg6
30.Ne5+ Bxe5 31.Rxe5 Kf6 32.R5e3 g4 33.Rc3 Rf5 34.Re2 Rd4 35.Rce3 gxh3+ 36.Kxh3 Rd1
37.Re4 Rd4 38.Kg2 Rfd5 39.Kf3 Rf5+ 40.Kg2 Rfd5 41.Kf3 Rf5+ 42.Kg2 Rfd5  1/2-1/2

[Event "16th North American Open"]
[Site "Las Vegas USA"]
[Date "2006.12.27"]
[Round "2"]
[White "Rowley,R"]
[Black "Kleiman,J"]
[Result "1/2-1/2"]
[WhiteElo "2282"]
[BlackElo "2320"]

1.e4 c5 2.Nf3 e6 3.d4 cxd4 4.Nxd4 a6 5.Bd3 Ne7 6.O-O Nbc6 7.Nxc6 Nxc6 8.c4 Bc5
9.Qh5 d6 10.Nc3 Bd4 11.Ne2 Bf6 12.f4 b5 13.e5 Qb6+ 14.Kh1 dxe5 15.Be4 Bb7
16.Qf3 Rb8 17.Be3 Nd4 18.Qf2 exf4 19.Bxd4 Bxd4 20.Qxf4 O-O 21.Nxd4 e5 22.Qxe5 Rbe8
23.Bxh7+ Kxh7 24.Qh5+ Kg8 25.c5 Qc7 26.b4 Re4 27.Rad1 Rfe8 28.a3 Re3 29.Qg5 Rh3
30.Qf4 Qxf4 31.Rxf4 Rd3 32.Rff1 Rxa3 33.c6 Bc8 34.Kg1 g6 35.Rfe1 Kf8  1/2-1/2

[Event "16th North American Open"]
[Site "Las Vegas USA"]
[Date "2006.12.27"]
[Round "3"]
[White "Abrahamyan,T"]
[Black "Greanias,S"]
[Result "1-0"]
[WhiteElo "2292"]
[BlackElo "2150"]

1.e4 c5 2.Nf3 e6 3.d4 cxd4 4.Nxd4 a6 5.Bd3 Qb6 6.Nb3 Qc7 7.O-O Nf6 8.Nc3 Be7
9.Be3 b5 10.f4 d6 11.Qf3 Bb7 12.a3 Nbd7 13.g4 d5 14.exd5 Nxd5 15.Nxd5 Bxd5
16.Qh3 Nc5 17.Nxc5 Bxc5 18.Rae1 g6 19.Rf2 Bb7 20.Bxc5 Qxc5 21.f5 O-O-O 22.fxe6 fxe6
23.Qe3 Qxe3 24.Rxe3 Rhe8 25.Rf6 e5 26.a4 e4 27.Be2 Rd2 28.axb5 axb5 29.Bxb5 Re5
30.Ba4 Ra5 31.Rf8+ Kc7 32.Rf7+ Kd6 33.Rd7+  1-0

[Event "16th North American Open"]
[Site "Las Vegas USA"]
[Date "2006.12.27"]
[Round "3"]
[White "Robson,R"]
[Black "Barnett,A"]
[Result "1-0"]
[WhiteElo "2217"]
[BlackElo "2287"]

1.e4 c5 2.Nf3 e6 3.d4 cxd4 4.Nxd4 a6 5.Bd3 Nf6 6.O-O Qc7 7.Qe2 d6 8.c4 b6
9.Nc3 Be7 10.f4 Nbd7 11.Bd2 Bb7 12.Rae1 Qc5 13.Kh1 Qh5 14.Nf3 O-O 15.h3 g6
16.Qd1 Nc5 17.Bc2 a5 18.Qb1 Qh6 19.f5 Qg7 20.Qc1 Rfe8 21.Bh6 Qh8 22.Ng5 Bf8
23.Nxf7 Kxf7 24.fxg6+ hxg6 25.Rxf6+ Qxf6 26.Rf1 Bxh6 27.Rxf6+ Kxf6 28.Qxh6 e5
29.Qh4+ Kg7 30.Nb5 Rad8 31.Nc7 Rh8 32.Qe7+ Kh6 33.Qh4+ Kg7 34.Qe7+ Kh6 35.Nb5 Rhe8
36.Qf6 Ne6 37.Qf7 Bc8 38.Nxd6 Rf8 39.Qe7 Rf1+ 40.Kh2 Rdf8 41.Nxc8 Nd4 42.Bd3 R1f2
43.Kg1  1-0

[Event "15th Donau Open"]
[Site "Aschach an der Donau AUT"]
[Date "2006.12.29"]
[Round "5"]
[White "Sakelsek,T"]
[Black "Nikolov,M"]
[Result "1/2-1/2"]
[WhiteElo "2418"]
[BlackElo "2446"]

1.e4 c5 2.Nf3 e6 3.d4 cxd4 4.Nxd4 a6 5.Bd3 Nf6 6.O-O Qc7 7.Nc3 b5 8.Be3 Bb7
9.a3 d6 10.f4 Nbd7 11.Qe2 Be7 12.Kh1 O-O 13.Rae1 Rfe8 14.Bd2 Rad8 15.a4 b4
16.Nd1 Nc5 17.Nf2 Nxa4 18.Bxa6 Bxa6 19.Qxa6 Ra8 20.Qe2 Nxb2 21.Bxb4 Qc4 22.Qxc4 Nxc4
23.Nd3 Ra4 24.Nc6 Bf8 25.e5 dxe5 26.Bxf8 Kxf8 27.Ncxe5 Rc8 28.Rf2 Nd6 29.g3 Ra7
30.Rc1 Nfe4 31.Re2 Nc3 32.Rd2 Nde4 33.Rg2 Nd6 34.Rd2 Rac7 35.Ne1 Nd5 36.Rb1 h6
37.N5f3 Nc4 38.Rd3 Nce3 39.Nd4 Rc3 40.Rxc3 Nxc3 41.Rb7 Ra8 42.Nc6 g5 43.Rb8+ Rxb8
44.Nxb8 gxf4 45.gxf4 Ncd5 46.Nd3 Nxc2 47.Kg2 Nd4 48.Nd7+ Kg7 49.N7e5 f6 50.Nc4 Kg6
51.Nd6 Kh5 52.Kg3 Nc3 53.Kh3 Ndb5 54.Nc4 Ne4 55.Ne3 Nd4 56.Nc4 Nc2 57.Na5 Ne3
58.Nc6 Kg6 59.Nd4 Kf7 60.Kh4 Nd6 61.Kh5 Ndf5 62.Nf3 Ng2 63.Nd2 Kg7 64.Nf3 Kh7
65.Nc5 Ng7+ 66.Kg4 Ne3+ 67.Kg3 Nh5+ 68.Kf2 Ng4+ 69.Kg2 Ng7 70.Nd4 e5 71.fxe5 fxe5
72.Nc6 Kg6 73.Kg3 Kh5 74.h3 Nf5+ 75.Kf3 Nh4+ 76.Ke2 Nf6  1/2-1/2

[Event "44th National A ch-IND"]
[Site "Atul IND"]
[Date "2006.12.29"]
[Round "13"]
[White "Thipsay,P"]
[Black "Prathamesh,S"]
[Result "0-1"]
[WhiteElo "2494"]
[BlackElo "2335"]

1.e4 c5 2.Nf3 e6 3.d4 cxd4 4.Nxd4 a6 5.Bd3 Bc5 6.Nb3 Ba7 7.Qe2 Nc6 8.Be3 d6
9.O-O Nge7 10.c4 e5 11.Nc3 O-O 12.Rad1 Be6 13.Nd5 a5 14.Bxa7 Rxa7 15.Qe3 Ra8
16.Kh1 a4 17.Nc1 Nd4 18.f4 f6 19.f5 Nxd5 20.cxd5 Bd7 21.g4 h6 22.h4 Kf7 23.Rd2 Rc8
24.Rh2 Rh8 25.Ne2 Nxe2 26.Bxe2 Qa5 27.g5 hxg5 28.hxg5 Rxh2+ 29.Kxh2 Rh8+
30.Kg3 Qb4 31.Rf2 Rh1 32.Bf3 Rg1+ 33.Bg2 Rb1 34.gxf6 Kxf6 35.Qe2 Qe1 36.Qxe1 Rxe1
37.Rc2 Rb1 38.Rc7 Be8 39.Rxb7 a3 40.b3 Ra1 41.Ra7 Rxa2 42.Bf1 Ra1 43.Bc4 Bh5
44.Kg2 Kg5 45.b4 Kf4 46.b5 Bf3+ 47.Kf2 Bxe4 48.b6 Rb1 49.b7 Rb2+ 50.Kg1 Kxf5
51.Rxa3 Rxb7 52.Ra6 Rd7 53.Kf2 Kf4 54.Ra4 Kf5 55.Ke3 Rc7 56.Rb4 Rc5 57.Be2 Bxd5
58.Bg4+ Kg5 59.Bd7 Rc7 60.Be8 Bf7  0-1

[Event "Weihnachtsopen Masters"]
[Site "Zurich SUI"]
[Date "2006.12.29"]
[Round "6"]
[White "Jenni,F"]
[Black "Kveinys,A"]
[Result "1/2-1/2"]
[WhiteElo "2521"]
[BlackElo "2540"]

1.e4 c5 2.Nf3 e6 3.d4 cxd4 4.Nxd4 a6 5.Bd3 Nf6 6.Qe2 d6 7.c4 g6 8.Nc3 Bg7
9.O-O O-O 10.Nf3 Nc6 11.Rd1 Qc7 12.Bf4 e5 13.Be3 Bg4 14.h3 Nd4 15.Bxd4 Bxf3
16.Qxf3 exd4 17.Nd5 Nxd5 18.cxd5 Rac8 19.Qf4 Rfe8 20.g3 Qb6 21.Rac1 Be5 22.Qd2 Rc7
23.h4 Rec8 24.Rxc7 Qxc7 25.h5 Qd7 26.Kg2 Qg4 27.Rh1 Bf6 28.hxg6 hxg6 29.Qh6 Bg7
30.Qh7+ Kf8 31.a3 Be5 32.Qh6+ Ke7 33.Qd2 Rh8 34.Rxh8 Bxh8 35.Qc1 Qd7 36.b4 Bf6
37.b5 axb5 38.Qb2 Kf8 39.Bxb5 Qc7 40.Qb4 Kg7 41.Bc4 Bd8 42.a4 Bf6 43.Qb5  1/2-1/2

[Event "XVII Cracovia A"]
[Site "Krakow POL"]
[Date "2006.12.30"]
[Round "5"]
[White "Szelag,M"]
[Black "Tazbir,M"]
[Result "1-0"]
[WhiteElo "2472"]
[BlackElo "2425"]

1.e4 c5 2.Nf3 e6 3.d4 cxd4 4.Nxd4 a6 5.Bd3 d6 6.O-O Nd7 7.c4 Ngf6 8.Nc3 Qc7
9.f4 g6 10.f5 e5 11.Nc2 b6 12.Bg5 Be7 13.Ne3 Bb7 14.Qf3 Qc5 15.Kh1 h6 16.Bxf6 Nxf6
17.fxg6 fxg6 18.Ned5 Bxd5 19.Nxd5 Nxd5 20.Qf7+ Kd8 21.exd5 Qd4 22.Qg7 Kd7
23.Qxg6  1-0

[Event "Weihnachtsopen Masters"]
[Site "Zurich SUI"]
[Date "2006.12.30"]
[Round "7"]
[White "Lehmann,Mar"]
[Black "Milov,L"]
[Result "0-1"]
[WhiteElo "2219"]
[BlackElo "2505"]

1.e4 c5 2.Nf3 e6 3.d4 cxd4 4.Nxd4 a6 5.Bd3 Nf6 6.O-O Qc7 7.c4 Nc6 8.Nf3 b6
9.Nc3 Bd6 10.h3 Bb7 11.Be3 Bc5 12.Qe2 d6 13.Rac1 O-O 14.a3 Ne5 15.Bf4 Nfd7
16.Rfd1 Nxf3+ 17.Qxf3 Bd4 18.Bf1 Be5 19.Bxe5 Nxe5 20.Qe3 Rfd8 21.Na4 Nd7
22.b4 Bc6 23.Nc3 Bb7 24.Qd4 Nf6 25.Qe3 Rab8 26.Rd4 Rbc8 27.Rcd1 e5 28.R4d2 h6
29.Nd5 Bxd5 30.exd5 a5 31.Rb2 axb4 32.axb4 Ra8 33.Rdd2 Ra1 34.Ra2 Ra8 35.Qb3 Ne4
36.Rxa8+ Rxa8 37.Ra2 Qd8 38.Bd3 Nf6 39.Ra3 Qe8 40.Qa2 Rxa3 41.Qxa3 e4 42.Be2 Qe5
43.Bf1 Qd4 44.Qg3 Ne8 45.Qf4 g5 46.Qf5 Nf6 47.h4 e3 48.hxg5 Ng4 49.Qc8+ Kg7
50.gxh6+ Nxh6 51.fxe3 Qxe3+ 52.Kh1 Qf4 53.Be2 Qh4+ 54.Kg1 Qe1+ 55.Bf1 Qe3+
56.Kh1 Qf2 57.Bd3 Qe1+ 58.Kh2 Qe5+ 59.Kh1 Qa1+ 60.Kh2 Qd4 61.Bc2 Qf4+ 62.Kh3 Qe3+
63.Kh2 Qe5+ 64.Kh1 Qe2 65.Ba4 Ng4  0-1

[Event "XVII Cracovia A"]
[Site "Krakow POL"]
[Date "2007.01.03"]
[Round "8"]
[White "Swiercz,D"]
[Black "Marszalek,Mac"]
[Result "1/2-1/2"]
[WhiteElo "2311"]
[BlackElo "2402"]

1.e4 c5 2.Nf3 e6 3.d4 cxd4 4.Nxd4 a6 5.Bd3 Qc7 6.O-O Nc6 7.Nxc6 dxc6 8.Nd2 e5
9.Nc4 b5 10.Ne3 Be6 11.a4 Rd8 12.axb5 axb5 13.Bd2 Bc5 14.Qe2 Ne7 15.Nf5 Bxf5
16.exf5 Qb8 17.Bg5 f6 18.Qh5+ Kf8 19.Bc1 Rd7 20.Be4 Nd5 21.c3 Ke7 22.Bd2 Qe8
23.Qe2 Qb8 24.Ra6 Qb7 25.Rfa1 Rc8 26.g3 Kf8 27.h4 Kg8 28.Be1 Bb6 29.b4 Nc7
30.R6a3 Rcd8 31.Kg2 Kh8 32.Qa2 h6 33.Qc2 Ne8 34.c4 bxc4 35.b5 Qc7 36.Bxc6 Rd4
37.Ra8 Qf7 38.Rxd8 Rxd8 39.Ra6 Bd4 40.Qa2 Nc7 41.Ra4 Nxb5 42.Ra8 Qc7 43.Rxd8+ Qxd8
44.Qxc4 Nc7 45.Ba5 Ba7 46.Bf3 Bb8 47.Qf7 Qe8 48.Bd5 Qxf7 49.Bxf7 Nb5 50.Kf3 Ba7
51.Be1 Nd6 52.Be6 h5 53.Kg2 Kh7 54.Bb4 Bb8 55.f3 g6 56.fxg6+ Kxg6 57.Bd5 Ne8
58.Be4+ f5 59.Bc2 Nf6 60.Bc3 Bd6 61.Bd2 Bc5 62.Bg5 Bd4 63.Bxf6  1/2-1/2

[Event "13th Festival A"]
[Site "Zupanja CRO"]
[Date "2007.01.06"]
[Round "4"]
[White "Zivkovic,Vj"]
[Black "Ljubicic,F"]
[Result "1-0"]
[WhiteElo "2441"]
[BlackElo "2398"]

1.e4 c5 2.Nf3 e6 3.d4 cxd4 4.Nxd4 a6 5.Bd3 Bc5 6.Nb3 Ba7 7.Qg4 Nf6 8.Qg3 Nc6
9.O-O d6 10.Nc3 Ne5 11.Be3 O-O 12.Bxa7 Rxa7 13.Qe3 b6 14.Be2 Rd7 15.f4 Ng6
16.Rad1 Bb7 17.Rd2 Qc7 18.Rfd1 Rfd8 19.a3 h6 20.g3 Ne7 21.Bf3 b5 22.Qf2 e5
23.fxe5 dxe5 24.Rxd7 Rxd7 25.Nc5 Rxd1+ 26.Nxd1 Nc6 27.c3 Nd8 28.Qe3 Nd7 29.Nxb7 Nxb7
30.Nf2 Nb6 31.Be2 Na5 32.Nd3 Nac4 33.Qc5 Qd8 34.b3 Nd2 35.Qxe5 Nxb3 36.Nf4 Nc4
37.Bxc4 bxc4 38.Nd5 Qd7 39.Qf5 Qa7+ 40.Kg2 Qc5 41.Qd7  1-0

[Event "Keres Mem B"]
[Site "Tallinn EST"]
[Date "2007.01.07"]
[Round "2"]
[White "Lelumees,B"]
[Black "Balashov,Y"]
[Result "0-1"]
[WhiteElo "2154"]
[BlackElo "2422"]

1.e4 c5 2.Nf3 e6 3.d4 cxd4 4.Nxd4 a6 5.Bd3 g6 6.c4 Bg7 7.Nb3 Nc6 8.Nc3 Nf6
9.O-O O-O 10.Bg5 h6 11.Bh4 d6 12.h3 Qb6 13.Qd2 Nd7 14.Rad1 Nc5 15.Bc2 Ne5
16.Nxc5 Qxc5 17.b3 g5 18.Bg3 b5 19.cxb5 axb5 20.Bb1 Ba6 21.Kh1 Rfc8 22.Ne2 b4
23.Rfe1 Bxe2 24.Rxe2 Ra6 25.h4 Qc3 26.hxg5 Qxd2 27.Rexd2 hxg5 28.Kh2 Bf6
29.Kh3 Kg7 30.Bxe5 Rh8+ 31.Kg4 Rh4+ 32.Kf3 Bxe5 33.g3 g4+ 34.Kg2 Rh5 35.Rh1 Rxh1
36.Kxh1 Bc3 37.Re2 Kf6 38.Kg2 Ke5 39.Rc2 Ra3 40.Rc1 d5 41.exd5 Kxd5 42.Rd1+ Bd4
43.f3 gxf3+ 44.Kxf3 Ra7 45.Kf4 f5 46.g4 fxg4 47.Kxg4 Rg7+ 48.Kf3 Rf7+ 49.Kg3 e5
50.Bd3 Rf8 51.Bc4+ Ke4 52.Re1+ Be3 53.Rd1 Bf2+ 54.Kg2 Bd4 55.Re1+ Be3 56.Kg3 Rf6
57.Bb5 Rg6+ 58.Kh3 Kf3 59.Rf1+ Bf2  0-1

[Event "Keres Mem WGM"]
[Site "Tallinn EST"]
[Date "2007.01.07"]
[Round "3"]
[White "Skinke,K"]
[Black "Gansvind,V"]
[Result "0-1"]
[WhiteElo "2132"]
[BlackElo "2252"]

1.e4 c5 2.Nf3 e6 3.d4 cxd4 4.Nxd4 a6 5.Bd3 Qc7 6.O-O Nf6 7.c4 d6 8.Nc3 Be7
9.Be3 b6 10.f4 h5 11.h3 Bb7 12.Qe2 Nbd7 13.Nb3 h4 14.Qf2 Nh5 15.Rad1 Ng3
16.Rfe1 Nc5 17.Nxc5 bxc5 18.f5 O-O 19.Qf4 Qc6 20.Rd2 Rfe8 21.Bc2 Qc8 22.Bf2 Qd8
23.Rdd1 Qb6 24.b3 Qa5 25.Na4 exf5 26.exf5 Bc6 27.Bxg3 hxg3 28.Qxg3 Bxa4 29.bxa4 Bf6
30.Rf1 Re2 31.Qd3 Rae8 32.Bb3 Bd4+ 33.Kh2 R8e3 34.Qb1 Qc7 35.Rde1 d5+ 36.Kh1 Qg3
37.Rxe2 Rxe2  0-1

[Event "Australian Open"]
[Site "Tuggeranong AUS"]
[Date "2007.01.07"]
[Round "9"]
[White "Dizdarevic,M"]
[Black "Ikeda,J"]
[Result "0-1"]
[WhiteElo "2110"]
[BlackElo "2142"]

1.e4 c5 2.Nf3 e6 3.d4 cxd4 4.Nxd4 a6 5.Bd3 Bc5 6.Nb3 Be7 7.O-O d6 8.Nc3 Nf6
9.Qe2 Nc6 10.Be3 b5 11.a4 b4 12.Nb1 O-O 13.f4 g6 14.N1d2 Re8 15.a5 Bf8 16.Qf3 Bg7
17.Nc4 Bb7 18.Rad1 Qe7 19.Rfe1 d5 20.Bc5 Qc7 21.Nd6 Red8 22.e5 Nd7 23.Nxb7 Qxb7
24.Bf2 Qc7 25.Ra1 Ne7 26.g4 Nc6 27.Qe2 g5 28.Qf3 gxf4 29.Qh3 Ncxe5 30.Bxh7+ Kf8
31.Rad1 Qd6 32.Bd4 Qe7 33.Kh1 Qg5 34.Rg1 Nc6 35.Bf2 Bf6 36.c3 Kg7 37.Bc2 Rh8
38.Qg2 bxc3 39.bxc3 Be5 40.Qf3 Nf6 41.Nd4 Nxd4 42.Bxd4 Bxd4 43.cxd4 Rac8
44.Bb1 Rb8 45.Bd3 Rb2 46.Rg2 Rxg2 47.Qxg2 Nxg4 48.Rg1 f5 49.Be2 Rh4 50.Bxa6 Qh5  0-1

[Event "Australian Open"]
[Site "Tuggeranong AUS"]
[Date "2007.01.09"]
[Round "11"]
[White "Rujevic,M"]
[Black "Ikeda,J"]
[Result "1-0"]
[WhiteElo "2278"]
[BlackElo "2142"]

1.e4 c5 2.Nf3 e6 3.d4 cxd4 4.Nxd4 a6 5.Bd3 Nf6 6.c4 Nc6 7.Nxc6 dxc6 8.O-O e5
9.Nc3 Bc5 10.Bg5 h6 11.Bh4 g5 12.Bg3 Qe7 13.Kh1 h5 14.f3 h4 15.Bf2 Nh5 16.Na4 Bxf2
17.Rxf2 Be6 18.c5 Rd8 19.Qc2 Rd4 20.b3 Rg8 21.Rd2 g4 22.fxg4 Bxg4 23.Bc4 Ng3+
24.Kg1 Rxd2 25.Qxd2 Nxe4 26.Qe3 Nf6 27.Re1 Nd7 28.b4 Rg6 29.Nb6 Nxb6 30.Qxe5 Qxe5
31.Rxe5+ Kd7 32.Bxf7 Rg7 33.Be8+ Kc7 34.cxb6+ Kxb6 35.Bh5 Bh3 36.Bf3 Bg4
37.Be4 Rd7 38.h3 Rd1+ 39.Kf2 Bd7 40.Ke3 Ra1 41.Ra5 Rc1 42.Kd4 Kc7 43.Rh5 Ra1
44.Rxh4 Rxa2 45.Rh7 Kd6 46.Rh6+ Kc7 47.Rh5 Kd6 48.g4 b6 49.Rh6+ Kc7 50.g5 Rb2
51.Kc4 Re2 52.Bd3 Re7 53.h4 b5+ 54.Kd4 Kb6 55.Rh7  1-0

[Event "ch-CUB Open"]
[Site "Santa Clara CUB"]
[Date "2007.01.11"]
[Round "2"]
[White "Ruiz,O"]
[Black "Arencibia,W"]
[Result "0-1"]
[WhiteElo "2273"]
[BlackElo "2549"]

1.e4 c5 2.Nf3 e6 3.d4 cxd4 4.Nxd4 a6 5.Bd3 Bc5 6.Nb3 Ba7 7.Qg4 Nf6 8.Qg3 d6
9.Nc3 Nc6 10.O-O Ne5 11.Be2 b5 12.Bf4 O-O 13.Rad1 Qc7 14.Rxd6 Ng6 15.e5 Ne8
16.Bf3 Nxd6 17.exd6 Qc4 18.Bxa8 Nxf4 19.Na5 Qd4 20.Nc6 Qxd6 21.Nxa7 b4 22.Bf3 bxc3
23.Nxc8 Rxc8 24.bxc3 Qe5 25.Rd1 h5 26.h4 Rxc3 27.Qg5 Nh3+ 28.gxh3 Qxg5+ 29.hxg5 Rxf3
30.Rd6 Kh7 31.Kg2 Ra3 32.c4 Rxa2 33.h4 a5 34.Ra6 Rc2 35.Rxa5 Rxc4 36.f3  0-1

[Event "ch-CUB Open"]
[Site "Santa Clara CUB"]
[Date "2007.01.12"]
[Round "3"]
[White "Blanco,H"]
[Black "Alvarez Pedraza,A"]
[Result "0-1"]
[WhiteElo "2413"]
[BlackElo "2445"]

1.e4 c5 2.Nf3 e6 3.d4 cxd4 4.Nxd4 a6 5.Bd3 Nf6 6.O-O Qc7 7.c4 Nc6 8.Nf3 b6
9.Nc3 Bb7 10.h3 h5 11.Re1 Bd6 12.Be3 Ne5 13.Nxe5 Bxe5 14.Qb3 b5 15.cxb5 Bxc3
16.Rac1 Nxe4 17.Bxe4 Bxe4 18.Rxc3 Qb7 19.b6 Bc6 20.Qb4 f6 21.Qd6 Kf7 22.Bc5 Rae8
23.Rg3 h4 24.Rg4 Rh5 25.b4 Rd5 26.Qf4 g5 27.Qc1 Rg8 28.Rd1 e5 29.Qc2 Rxd1+
30.Qxd1 d5 31.b5 axb5 32.Rb4 Qd7 33.Qh5+ Kg7 34.Rb3 Ra8 35.Qe2 d4 36.Bb4 e4
37.Rb2 Qd5 38.a3 Re8 39.Rd2 Qe5 40.Rd1 e3 41.fxe3 Qd5 42.Qg4 Rxe3 43.Rxd4 Qe5
44.Rd7+ Kg6 45.Qd4 Re1+ 46.Bxe1 Qxe1+  0-1

[Event "Open A"]
[Site "Prague CZE"]
[Date "2007.01.15"]
[Round "5"]
[White "Gurack,D"]
[Black "Castle,K"]
[Result "1-0"]
[WhiteElo "2185"]
[BlackElo "1962"]

1.e4 c5 2.Nf3 e6 3.d4 cxd4 4.Nxd4 a6 5.Bd3 Nf6 6.O-O Qc7 7.Kh1 Nc6 8.Nb3 d5
9.Nc3 dxe4 10.Nxe4 Be7 11.c3 O-O 12.f4 Rd8 13.Qf3 b6 14.Nbd2 Nxe4 15.Nxe4 Bb7
16.Qe2 b5 17.Be3 Na5 18.Rae1 Nc4 19.Bd4 Nd6 20.Ng3 Bf8 21.Qh5 h6 22.Rf2 Bc8
23.Qe5 Ne8 24.Qe4  1-0

[Event "zt 3.3"]
[Site "Phu Quoc VIE"]
[Date "2007.01.18"]
[Round "9"]
[White "Chuah Jin,H"]
[Black "Tran Thanh Tu"]
[Result "0-1"]
[WhiteElo "2259"]
[BlackElo "2282"]

1.e4 c5 2.Nf3 e6 3.d4 cxd4 4.Nxd4 a6 5.Bd3 b5 6.O-O Qb6 7.Nb3 Bb7 8.Qe2 Nf6
9.Bg5 d6 10.N1d2 Nbd7 11.Be3 Qc7 12.f4 Be7 13.a4 b4 14.a5 e5 15.c4 Qc6 16.Rac1 O-O
17.f5 Nc5 18.Nxc5 dxc5 19.g4 Rfd8 20.Bb1 h6 21.h4 Nh7 22.Nf3 Qc7 23.g5 h5
24.Nd2 g6 25.Qf2 Bd6 26.Rcd1 Rac8 27.Nb3 Nf8 28.Rd2 Rd7 29.Rfd1 Rcd8 30.Kh2 Be7
31.Rxd7 Nxd7 32.Rf1 Rf8 33.Bc2 Bd6 34.Nc1 Nb8 35.Ne2 Qxa5 36.Ng3 Nc6 37.Qe2 Nd4
38.Bxd4 cxd4 39.Nxh5 Qa2 40.Nf6+ Kg7 41.Bd3 a5 42.Qf3 Qxb2+ 43.Rf2 Qc1 44.Nd7 Rh8
45.Qg3 Bc8 46.fxg6 fxg6 47.Qg4 Qe3 48.Rf3 Qd2+ 49.Kh3 Rd8 50.Qe6 Bxd7 51.Rf7+ Kh8
52.Rxd7 Qxd3+ 53.Kh2 Qe2+ 54.Kh3 Qf3+ 55.Kh2 Rf8 56.Rd8 Rxd8 57.Qxg6 Qf8
58.Qh5+ Kg8 59.Qg6+ Qg7  0-1

[Event "SDZ Open"]
[Site "Solin CRO"]
[Date "2007.01.20"]
[Round "1"]
[White "Zaper,M"]
[Black "Ljubicic,F"]
[Result "0-1"]
[WhiteElo "1957"]
[BlackElo "2398"]

1.e4 c5 2.Nf3 e6 3.d4 cxd4 4.Nxd4 a6 5.Bd3 Bc5 6.Nb3 Ba7 7.c4 d6 8.O-O Nf6
9.Nc3 Nc6 10.Bg5 h6 11.Bd2 Ne5 12.Be2 Bd7 13.Bf4 Qc7 14.Rc1 Rd8 15.Qc2 O-O
16.Bg3 Qb8 17.Rfd1 Bc6 18.Nd4 Bc5 19.a3 Qa7 20.Nxc6 Nxc6 21.b4 Bd4 22.Bf3 Be5
23.Ne2 Bxg3 24.Nxg3 Nd4 25.Qc3 e5 26.Qd3 Rfe8 27.Ne2 Ne6 28.g3 Qb6 29.h3 Qc6
30.Bg2 Qb6 31.Bf3 Re7 32.Bg4 Qc6 33.Bxe6 fxe6 34.f3 Rf7 35.Kg2 Qa4 36.Rd2 Rdd7
37.Qe3 Qc6 38.Rcd1 Qc7 39.Qb3 Rf8 40.Rd3 Kh8 41.R3d2 Rc8 42.Rc1 Qd8 43.Qe3 Qe8
44.Rdc2 Qg6 45.Kh2 Rf8 46.Rd2 Nh7 47.h4 Qh5 48.Kg2 Nf6 49.Rcd1 Rfd8 50.Rc1 Qg6
51.Kh2 Rf7 52.Rcd1 Rdf8 53.Rxd6 Ne8 54.R6d3 Rxf3 55.Qxf3 Rxf3 56.Rxf3 Qxe4
57.Rf8+ Kh7 58.Re1 Nf6 59.Rxf6 gxf6 60.Kg1 Qe3+  0-1

[Event "IM"]
[Site "Marianske Lazne CZE"]
[Date "2007.01.21"]
[Round "3"]
[White "Babula,M"]
[Black "Swiercz,D"]
[Result "1/2-1/2"]
[WhiteElo "2318"]
[BlackElo "2231"]

1.e4 c5 2.Nf3 e6 3.d4 cxd4 4.Nxd4 a6 5.Bd3 Nf6 6.O-O Qc7 7.c4 d6 8.Nc3 g6
9.Be3 Bg7 10.Rc1 O-O 11.f3 Nbd7 12.b3 b6 13.Qd2 Bb7 14.Rfd1 Rad8 15.Bf1 Rfe8
16.Qf2 Rb8 17.a4 Ne5 18.h3 Ba8 19.Nc2 Red8 20.Nb4 Qb7 21.Nd3 Nxd3 22.Rxd3 Qc7
23.Bf4 Ne8 24.Rcd1 Bc6 25.Na2 Be5 26.Bxe5 dxe5 27.c5 Rxd3 28.Rxd3 bxc5 29.Qxc5 Qb6
30.Qxb6 Rxb6 31.Rc3 Bb7 32.a5 Rd6 33.Nb4 f6 34.Rd3 Rxd3 35.Bxd3 Nc7 36.Bc4 Kf7
37.Nd3 Ke7 38.Nc5 Bc8 39.b4 Kd6 40.Kf2 Ke7 41.Ke3 Kd6 42.Kd3 Kc6 43.Kc3 Kd6
44.Kb3 Kc6 45.Ka4 Kd6 46.Ka3 Kc6 47.Na4 Bd7 48.Nc3 Kd6 49.Kb3 Be8 50.Bd3 Bd7
51.Be2 Be8 52.Bc4 Bd7 53.h4 Be8 54.Be2 Bd7 55.Bf1 Be8 56.Be2 Bd7 57.Bd3 Be8
58.Bc4 Bd7 59.Bf1 Be8 60.Be2 Bd7  1/2-1/2

[Event "Stone Flower B"]
[Site "Nizhnij Tagil RUS"]
[Date "2007.01.23"]
[Round "10"]
[White "Iwasaki,Y"]
[Black "Kaliberda,V"]
[Result "0-1"]
[WhiteElo "2141"]
[BlackElo "2354"]

1.e4 c5 2.Nf3 e6 3.d4 cxd4 4.Nxd4 a6 5.Bd3 d6 6.Qe2 Nd7 7.O-O Ngf6 8.Be3 Be7
9.f4 Qc7 10.Nc3 b5 11.g4 h5 12.g5 Ng4 13.g6 Ndf6 14.gxf7+ Kxf7 15.h3 Nxe3
16.Qxe3 e5 17.Nf5 Bxf5 18.exf5 b4 19.Ne4 Nd5 20.Qg3 exf4 21.Qg6+ Kf8 22.f6 Bxf6
23.Nxf6 gxf6 24.Qf5 Rg8+ 25.Kh1 Rg5 26.Qe4 Re8 27.Qd4 Re3 28.Kh2 Qd7  0-1

[Event "SDZ Open"]
[Site "Solin CRO"]
[Date "2007.01.23"]
[Round "4"]
[White "Krnic,I"]
[Black "Mestrovic,J"]
[Result "1-0"]
[WhiteElo "2103"]
[BlackElo "1735"]

1.e4 c5 2.Nf3 e6 3.d4 cxd4 4.Nxd4 a6 5.Bd3 Nf6 6.O-O Be7 7.c4 Nc6 8.Nxc6 dxc6
9.e5 Nd7 10.Qe2 Qc7 11.Bf4 g5 12.Bg3 h5 13.h3 Nc5 14.Bc2 h4 15.Bh2 Nd7 16.Nc3 Nb6
17.Ne4 Bd7 18.Nd6+ Bxd6 19.exd6 Qd8 20.f4 Qf6 21.fxg5 Qxg5 22.Qf2 Rg8 23.Qxf7+ Kd8
24.Rf2 Nxc4 25.Bf4 Qg7 26.Qxg7 Rxg7 27.b3 e5 28.Bh6 Rg8 29.bxc4 Bxh3  1-0

[Event "ch-SER Qualification"]
[Site "Belgrade SER"]
[Date "2007.01.24"]
[Round "2"]
[White "Zivkovic,S"]
[Black "Tosic,M"]
[Result "1-0"]
[WhiteElo "2313"]
[BlackElo "2459"]

1.e4 c5 2.Nf3 e6 3.d4 cxd4 4.Nxd4 a6 5.Bd3 d6 6.O-O Nd7 7.c4 Ngf6 8.Nc3 Be7
9.b3 O-O 10.Bb2 Nc5 11.Bc2 Qc7 12.f4 Rd8 13.Qf3 Bd7 14.Rae1 Be8 15.Qg3 b5
16.b4 Ncd7 17.cxb5 Qa7 18.Nd5 exd5 19.Kh1 Nf8 20.Nf5 Ng6 21.exd5 Bf8 22.Nh6+ Kh8
23.Bxg6 fxg6 24.f5 axb5 25.Re6 Qxa2 26.Rxf6 gxf6 27.Bxf6+ Bg7 28.Bxg7+ Kxg7
29.f6+ Kf8 30.f7 Qa1 31.fxe8=Q+ Kxe8 32.Qe3+ Kd7 33.Qe6+ Kc7 34.Qe2 Kb6 35.Qe3+ Kb7
36.Qe7+ Kb6 37.Qxd8+ Rxd8 38.Rxa1 Rf8 39.Kg1 Rf4 40.Rb1 Rd4 41.Kf2 Rxd5 42.Ng4 Rd2+
43.Kf3 Kc6 44.Ne3 Rd4 45.g3 Kd7 46.Ke2 Ke6 47.Nc2 Rd5 48.Ra1 Rh5 49.h4 g5
50.hxg5 Rxg5 51.Kf3 Rf5+ 52.Ke3 Rg5 53.Rg1 h5 54.Nd4+ Kd7 55.Kf3 Rd5 56.Ne2 Rd3+
57.Kf2 Rb3 58.Rh1 Rxb4 59.Rxh5 Kc6 60.Ke3 d5 61.Rh8 Rg4 62.Kf3 Rc4 63.g4 Kd6
64.g5 Ke5 65.Rf8 d4 66.Nf4 Rc3+ 67.Kg4 d3 68.Rd8 Ke4 69.Rxd3 Rxd3 70.Nxd3 Kxd3
71.g6 b4 72.g7 b3 73.g8=Q  1-0

[Event "ch-SER Qualification"]
[Site "Belgrade SER"]
[Date "2007.01.24"]
[Round "2"]
[White "Ravic,N"]
[Black "Lapcevic,M"]
[Result "0-1"]
[WhiteElo "2144"]
[BlackElo "2343"]

1.e4 c5 2.Nf3 e6 3.d4 cxd4 4.Nxd4 a6 5.Bd3 Bc5 6.Nb3 Be7 7.O-O d6 8.Qg4 g6
9.Qe2 Nd7 10.c4 b6 11.Nc3 Bb7 12.Be3 Ngf6 13.Rfd1 O-O 14.a4 Rc8 15.a5 bxa5
16.Nxa5 Ba8 17.Rdc1 Ne5 18.Bh6 Nxd3 19.Qxd3 Re8 20.b4 Ng4 21.Bf4 Qb6 22.Qe2 Nf6
23.b5 axb5 24.cxb5 d5 25.Nb3 Nxe4 26.Nxe4 dxe4 27.Ra6 Qb7 28.b6 Qd5 29.Na5 Rxc1+
30.Bxc1 Bb4 31.Nc4 Qb5 32.Ra7 Bd5 33.Rc7 Bd6  0-1